000 00249nam a2200109Ia 4500
008 201231s9999 xx 000 0 und d
100 _aFrench, Patrick
245 0 _aLiberty or Death
260 _aLondon
_bHarper Collins
300 _a466
942 _cBK
999 _c9611
_d9611